[Event "Büsum"]
[Site "Büsum"]
[Date "2013.10.03"]
[Round "6.1"]
[White "Hess, Christian"]
[Black "Pape, Manfred"]
[Result "1-0"]
[WhiteElo "2273"]
[BlackElo "2225"]
[PlyCount "71"]
[EventDate "2013.??.??"]
[WhiteTeam "Koenigsspr.SC.1984 e.V."]
[BlackTeam "SK Bad Harzburg"]

1. d4 Nf6 2. Nf3 g6 3. c4 Bg7 4. Nc3 d6 5. Bg5 Nbd7 6. e3 O-O 7. Qc2 a6 8. Be2
c6 9. O-O Qe8 10. Rac1 e5 11. b4 a5 12. a3 axb4 13. axb4 h6 14. Bh4 Qe7 15. h3
Re8 16. Rfd1 e4 17. Nd2 g5 18. Bg3 Nf8 19. Nb3 Bf5 20. d5 cxd5 21. Nxd5 Nxd5
22. Rxd5 Be5 23. Bxe5 dxe5 24. Nc5 Nh7 25. g4 Bc8 26. Nxe4 Qxb4 27. Nd6 Re7 28.
Rb1 Qa3 29. Nxc8 Rxc8 30. Qf5 Rce8 31. Rb6 Kg7 32. Rdd6 f6 33. Rxf6 Nxf6 34.
Rxf6 Qc1+ 35. Kg2 e4 36. Qg6+ 1-0

[Event "Büsum"]
[Site "Büsum"]
[Date "2013.10.03"]
[Round "6.2"]
[White "Achenbach, Manfred"]
[Black "Baum, Dr.Bernd"]
[Result "0-1"]
[WhiteElo "2147"]
[BlackElo "2320"]
[PlyCount "90"]
[EventDate "2013.??.??"]
[WhiteTeam "Schachclub Mülheim 08/25 e.V."]
[BlackTeam "SV Empor Erfurt"]

1. Nf3 c5 2. c4 Nc6 3. g3 g6 4. Bg2 Bg7 5. Nc3 d6 6. d3 e5 7. Bg5 f6 8. Bd2
Nge7 9. Qc1 h6 10. Rb1 Be6 11. a3 a5 12. O-O Rb8 13. Nb5 g5 14. e3 O-O 15. d4
cxd4 16. exd4 d5 17. Bc3 Bf5 18. Ra1 Bd3 19. Rd1 Bxc4 20. a4 e4 21. Ne1 f5 22.
Qc2 Rc8 23. Ra3 Nb4 24. Qd2 Nec6 25. b3 Bd3 26. Bf1 Bxf1 27. Kxf1 f4 28. Qe2
Qd7 29. Kg1 Qh3 30. Qf1 Qh5 31. Ng2 fxg3 32. hxg3 Rf3 33. Bxb4 Nxb4 34. Raa1
Rcf8 35. Qe2 Qf7 36. Rf1 h5 37. Rac1 Nd3 38. Rc7 Qg6 39. Nc3 Rxf2 40. Rxf2 Rxf2
41. Qd1 Bxd4 42. Kh2 h4 43. Qg4 hxg3+ 44. Kh3 Qh6+ 45. Nh4 Rh2+ 0-1

[Event "Büsum"]
[Site "Büsum"]
[Date "2013.10.03"]
[Round "6.3"]
[White "Hassenrück, Helmut"]
[Black "Schirmer, Werner"]
[Result "1-0"]
[WhiteElo "2194"]
[BlackElo "2040"]
[PlyCount "71"]
[EventDate "2013.??.??"]
[WhiteTeam "Schachgesellschaft-Gladbeck 19/2"]
[BlackTeam "Hamburger SK von 1830 eV"]

1. d4 Nf6 2. Nf3 g6 3. c4 Bg7 4. Nc3 d6 5. e4 Bg4 6. Be2 Nfd7 7. Be3 O-O 8. Qd2
e5 9. d5 a5 10. Bh6 Na6 11. h4 Nf6 12. Ng1 Bd7 13. h5 Nc5 14. hxg6 fxg6 15.
Bxg7 Kxg7 16. Qh6+ Kg8 17. Nf3 Qe7 18. Ng5 Qg7 19. Qh4 h5 20. O-O-O Ng4 21.
Bxg4 Bxg4 22. f3 Bd7 23. Kb1 Rf4 24. Qg3 Rb8 25. Nb5 Be8 26. Qe1 b6 27. g3 Rf6
28. g4 Bxb5 29. cxb5 Qh6 30. Qh4 Rf4 31. Rdg1 Rbf8 32. Nh3 Rxf3 33. gxh5 R3f6
34. Ng5 Nd3 35. Qg3 Nf4 36. hxg6 1-0

[Event "Büsum"]
[Site "Büsum"]
[Date "2013.10.03"]
[Round "6.4"]
[White "Szenetra, Werner"]
[Black "Vogel, Jaap"]
[Result "0-1"]
[WhiteElo "2198"]
[BlackElo "2178"]
[PlyCount "60"]
[EventDate "2013.??.??"]
[WhiteTeam "SV Berenbostel"]

1. Nf3 Nf6 2. d3 d5 3. g3 b6 4. Bg2 Bb7 5. O-O e6 6. Nbd2 Be7 7. b3 O-O 8. Bb2
c5 9. e4 Nc6 10. Qe2 Nb4 11. e5 Nd7 12. Ne1 Qc7 13. f4 d4 14. Ne4 b5 15. a4 a6
16. Nf3 Nb6 17. axb5 axb5 18. c3 dxc3 19. Nxc3 Qd7 20. Rad1 N6d5 21. d4 Nxc3
22. Bxc3 Nd5 23. Ba1 c4 24. bxc4 bxc4 25. Nd2 c3 26. Bxd5 Qxd5 27. Nf3 Ba6 28.
Qc2 Bxf1 29. Rxf1 Ra2 30. Qxc3 Ra3 0-1

[Event "Büsum"]
[Site "Büsum"]
[Date "2013.10.03"]
[Round "6.5"]
[White "Schumacher, Gottfried"]
[Black "Gehrmann, Rudolf-Rainer"]
[Result "1/2-1/2"]
[WhiteElo "2212"]
[BlackElo "2061"]
[Annotator ",Microsoft"]
[PlyCount "67"]
[EventDate "2013.??.??"]
[WhiteTeam "HTC Bad Neuenahr"]
[BlackTeam "SV Eutin von 1875"]

1. e4 c5 2. Nf3 d6 3. Bc4 Nf6 4. Nc3 e6 5. d3 Be7 6. Qe2 O-O 7. a3 Nc6 8. Ba2
a6 9. Bd2 b5 10. O-O Bb7 11. Rac1 Qc7 12. h3 Rac8 13. Nd1 Nd7 14. c4 b4 15.
axb4 Nxb4 16. Bb1 Bf6 17. d4 Nc6 18. d5 Nd4 19. Nxd4 Bxd4 20. Bc3 Bxc3 21. Rxc3
e5 22. Rg3 Nf6 23. Ne3 Rce8 24. f4 Kh8 25. Nf5 g6 26. fxe5 Rxe5 27. Qe3 Ng8 28.
Nh4 Qd8 29. Nf3 Ree8 30. Ng5 Qe7 31. Rgf3 f6 32. Ne6 Rf7 33. Rg3 Bc8 34. Nf4 {
fehlende Notation} 1/2-1/2

[Event "Büsum"]
[Site "Büsum"]
[Date "2013.10.03"]
[Round "6.6"]
[White "Nachtkamp, Herbert"]
[Black "Meier, Wolfgang"]
[Result "1/2-1/2"]
[WhiteElo "2051"]
[BlackElo "2188"]
[PlyCount "27"]
[EventDate "2013.??.??"]
[WhiteTeam "SK Norderstedt von 1975"]
[BlackTeam "SV Lok Dresden"]

1. d4 Nf6 2. Nf3 d5 3. e3 Bf5 4. c4 c6 5. cxd5 Nxd5 6. Nc3 e6 7. Be2 Nd7 8. O-O
Bd6 9. Bd2 O-O 10. Qb3 Qb6 11. Qxb6 N7xb6 12. Nh4 Be7 13. Nxf5 exf5 14. Nxd5
1/2-1/2

[Event "Büsum"]
[Site "Büsum"]
[Date "2013.10.03"]
[Round "6.7"]
[White "Heinzel, Peter"]
[Black "Klages, Hans Jürgen"]
[Result "1-0"]
[WhiteElo "2030"]
[BlackElo "2183"]
[PlyCount "63"]
[EventDate "2013.??.??"]
[WhiteTeam "Schachclub Mülheim 08/25 e.V."]
[BlackTeam "SVg Böhmetal"]

1. b4 e5 2. Bb2 Bxb4 3. Bxe5 Nf6 4. c4 Nc6 5. Bb2 O-O 6. e3 Be7 7. Be2 d5 8.
cxd5 Nxd5 9. Nf3 Bf6 10. d4 Bf5 11. Nc3 Bg6 12. O-O Ncb4 13. a3 Nxc3 14. Bxc3
Nd5 15. Bb2 c6 16. a4 a5 17. Qd2 Re8 18. Rfc1 Be7 19. Ne5 Bb4 20. Qd1 Bf5 21.
Bg4 Be6 22. Bxe6 Rxe6 23. g3 Nf6 24. Qf3 Qd5 25. Qxd5 Nxd5 26. Nd3 b5 27. axb5
cxb5 28. Nxb4 Nxb4 29. Rxa5 Ree8 30. Rxb5 Nd3 31. Rd1 Nxb2 32. Rxb2 1-0

[Event "Büsum"]
[Site "Büsum"]
[Date "2013.10.03"]
[Round "6.8"]
[White "Müller, Rudolf"]
[Black "Hamann, Guenter"]
[Result "1-0"]
[WhiteElo "2180"]
[BlackElo "2030"]
[PlyCount "71"]
[EventDate "2013.??.??"]
[WhiteTeam "Karlsruher SF 1853"]
[BlackTeam "SV VHS Rendsburg"]

1. e4 e6 2. d4 d5 3. e5 c5 4. c3 Nc6 5. Nf3 Qb6 6. Bd3 cxd4 7. cxd4 Nb4 8. Nc3
Nxd3+ 9. Qxd3 Bd7 10. O-O Ne7 11. h4 h5 12. Re1 Rc8 13. Ng5 Nf5 14. Nf3 Be7 15.
g3 g6 16. Rb1 Rc4 17. Be3 Nxe3 18. fxe3 a5 19. e4 Qc6 20. exd5 exd5 21. e6 Bxe6
22. Ne5 Qd6 23. Nxc4 dxc4 24. Qe3 O-O 25. d5 Bf5 26. Rbd1 Bd8 27. Kg2 Qd7 28.
d6 Bh3+ 29. Kh2 Bg4 30. Rd2 b5 31. Qe5 b4 32. Nd5 Qe6 33. Nc7 Qd7 34. Qxa5 Bxh4
35. gxh4 Bf3 36. Qe5 1-0

[Event "Büsum"]
[Site "Büsum"]
[Date "2013.10.03"]
[Round "6.9"]
[White "Strenzke, Dr.Günter"]
[Black "Reinhold, Dr.Klaus"]
[Result "1/2-1/2"]
[WhiteElo "1985"]
[BlackElo "2123"]
[PlyCount "33"]
[EventDate "2013.??.??"]
[WhiteTeam "SC Concordia SAbt Palame"]
[BlackTeam "Schachclub Gronau 1920 e.V."]

1. d4 d5 2. c4 c6 3. Nc3 Nf6 4. Nf3 e6 5. e3 Bd6 6. Bd3 Nbd7 7. O-O O-O 8. Qc2
dxc4 9. Bxc4 e5 10. Rd1 Qe7 11. dxe5 Nxe5 12. Be2 Bg4 13. Nd4 Bc7 14. f3 Be6
15. e4 Bb6 16. Be3 Rad8 17. Na4 1/2-1/2

[Event "Büsum"]
[Site "Büsum"]
[Date "2013.10.03"]
[Round "6.10"]
[White "Nickel, Arno"]
[Black "Baerthel, Klaus"]
[Result "1-0"]
[WhiteElo "2081"]
[BlackElo "1922"]
[PlyCount "61"]
[EventDate "2013.??.??"]
[WhiteTeam "Flensburger SK von 1876"]
[BlackTeam "Naumburger Sportverein 1951"]

1. Nf3 Nf6 2. c4 g6 3. Nc3 d5 4. cxd5 Nxd5 5. Qb3 Nb6 6. d4 Bg7 7. Bf4 c6 8. e4
O-O 9. Rd1 Bg4 10. Be3 e6 11. Be2 Qe7 12. a4 N8d7 13. Rd2 Rab8 14. a5 Nc8 15.
Bf4 Bxf3 16. Bxf3 e5 17. dxe5 Nxe5 18. Be2 Rd8 19. Rxd8+ Qxd8 20. a6 Qb6 21.
Qxb6 Nxb6 22. O-O bxa6 23. Bxa6 Rd8 24. Rd1 Rxd1+ 25. Nxd1 Kf8 26. b3 Ke7 27.
Be3 Kd6 28. f4 Ng4 29. e5+ Ke6 30. Bxb6 axb6 31. Bc8+ 1-0

[Event "Büsum"]
[Site "Büsum"]
[Date "2013.10.03"]
[Round "6.11"]
[White "Kreutzkamp, Hans-Rudolf"]
[Black "Burckhardt, Karl"]
[Result "1-0"]
[WhiteElo "2187"]
[BlackElo "1958"]
[PlyCount "69"]
[EventDate "2013.??.??"]
[WhiteTeam "SK Union Eimsbuettel eV"]
[BlackTeam "SC Fulda"]

1. e4 d6 2. d4 Nf6 3. Nc3 Nbd7 4. f4 e5 5. Nf3 Qe7 6. Bc4 Nb6 7. Bb3 Bg4 8.
dxe5 dxe5 9. O-O Qc5+ 10. Kh1 Bd6 11. h3 exf4 12. hxg4 Nxg4 13. Nh2 Nf2+ 14.
Rxf2 Qxf2 15. Qe2 Qxe2 16. Nxe2 g5 17. Bd2 Be5 18. Bc3 Bxc3 19. Nxc3 c6 20. Ng4
h5 21. Nf6+ Ke7 22. e5 Nd7 23. Nxd7 Kxd7 24. Bxf7 Ke7 25. Bb3 h4 26. Ne4 g4 27.
Rf1 f3 28. gxf3 g3 29. f4 Rad8 30. f5 Rd4 31. f6+ Kf8 32. Re1 Rh6 33. e6 Rxe4
34. Rxe4 Rxf6 35. Rxh4 1-0

[Event "Büsum"]
[Site "Büsum"]
[Date "2013.10.03"]
[Round "6.12"]
[White "Quiring, Nikolai"]
[Black "Dümmke, Jürgen"]
[Result "0-1"]
[WhiteElo "2065"]
[BlackElo "1981"]
[PlyCount "66"]
[EventDate "2013.??.??"]
[WhiteTeam "SV VHS Rendsburg"]
[BlackTeam "Ahrensburger TSV"]

1. d4 Nf6 2. c4 g6 3. f3 d5 4. cxd5 Nxd5 5. e4 Nb6 6. Nc3 Bg7 7. Be3 c6 8. h4
e5 9. d5 O-O 10. Qb3 cxd5 11. exd5 Bf6 12. g3 Na6 13. O-O-O Bd7 14. Kb1 Rc8 15.
Bh3 Nc5 16. Qb4 Na6 17. Bxb6 axb6 18. Qe4 Nc5 19. Qe3 Bf5+ 20. Bxf5 gxf5 21.
Nge2 Re8 22. Qg1 Kh8 23. g4 e4 24. Nd4 fxg4 25. fxg4 Nd3 26. g5 Bg7 27. Qe3 Qe7
28. Nf5 Qb4 29. Rh2 Bxc3 30. b3 Be5 31. g6 fxg6 32. Nh6 Rf8 33. Qh3 Qc3 0-1

[Event "Büsum"]
[Site "Büsum"]
[Date "2013.10.03"]
[Round "6.13"]
[White "Berenstein, Alexander"]
[Black "Zimmermann, Manfred"]
[Result "0-1"]
[WhiteElo "2036"]
[BlackElo "1925"]
[Annotator ",Microsoft"]
[PlyCount "74"]
[EventDate "2013.??.??"]
[WhiteTeam "SV VHS Rendsburg"]
[BlackTeam "Kieler SG von 1884 / Meerbauer"]

1. e4 e6 2. d4 d5 3. Nc3 Bb4 4. e5 c5 5. a3 Bxc3+ 6. bxc3 Qc7 7. Bd2 Ne7 8. Bd3
c4 9. Be2 Bd7 10. f4 Ba4 11. Nf3 h6 12. O-O g6 13. Ra2 Nd7 14. Qe1 O-O-O 15.
Qb1 Nc6 16. Rb2 Rhg8 17. h4 f6 18. exf6 Nxf6 19. Ne5 Ne4 20. Be1 Nxe5 21. fxe5
Rgf8 22. Rxf8 Rxf8 23. Qc1 g5 24. Qe3 Qe7 25. Ra2 Bc6 26. a4 Qh7 27. Bg4 Qf7
28. Qf3 Bd7 29. Qxf7 Rxf7 30. hxg5 hxg5 31. g3 Kd8 32. a5 Ke7 33. Ra1 Rh7 34.
Bf3 Kf7 35. Bf2 Bc6 36. Be3 Kg6 37. Kg2 {Rest nicht rekonstruierbar} g4 0-1

[Event "Büsum"]
[Site "Büsum"]
[Date "2013.10.03"]
[Round "6.14"]
[White "Lehmann, Erwin"]
[Black "Neumann, Horst"]
[Result "1/2-1/2"]
[WhiteElo "1991"]
[BlackElo "1908"]
[PlyCount "64"]
[EventDate "2013.??.??"]
[WhiteTeam "Ahrensburger TSV"]
[BlackTeam "SG Güls/Niederfell"]

1. c4 Nf6 2. g3 c6 3. Bg2 d5 4. Nf3 Bg4 5. Ne5 e6 6. Nxg4 Nxg4 7. O-O Nf6 8.
Qc2 Nbd7 9. d4 Bd6 10. Bd2 Rc8 11. c5 Bb8 12. b4 e5 13. e3 e4 14. Nc3 O-O 15.
a4 Re8 16. b5 b6 17. bxc6 Rxc6 18. Qb3 bxc5 19. Nxd5 Nxd5 20. Qxd5 Rd6 21. Qb7
Rh6 22. Qd5 Rd6 23. Qb3 cxd4 24. Bb4 Rb6 25. a5 Rb5 26. Qc4 a6 27. Qxd4 Be5 28.
Qd2 Bxa1 29. Rxa1 Nf6 30. Bf1 Qxd2 31. Bxd2 Rd5 32. Bb4 Rb8 1/2-1/2

[Event "Büsum"]
[Site "Büsum"]
[Date "2013.10.03"]
[Round "6.15"]
[White "Fritsch, Dr Jürgen"]
[Black "Hunold, Rolf"]
[Result "0-1"]
[WhiteElo "1958"]
[BlackElo "2120"]
[PlyCount "86"]
[EventDate "2013.??.??"]
[WhiteTeam "SK Lister Turm"]
[BlackTeam "Schachverein Letmathe 1933 e.V."]

1. d4 Nf6 2. Bg5 d5 3. Nd2 Nbd7 4. e3 c6 5. c3 e5 6. dxe5 Nxe5 7. Ngf3 Nxf3+ 8.
Nxf3 Be7 9. Bd3 O-O 10. Qc2 h6 11. Bh4 Ne4 12. Bxe7 Qxe7 13. O-O Bg4 14. Nd2
Nc5 15. Rae1 Nxd3 16. Qxd3 Rad8 17. h3 Bh5 18. Qf5 Bg6 19. Qf4 Bd3 20. b4 Rfe8
21. Qd4 Bxf1 22. Rxf1 b6 23. a3 Rd6 24. Nf3 Qe4 25. Rd1 Rg6 26. Nh4 Rf6 27. g3
Qxd4 28. cxd4 g5 29. Ng2 Ra8 30. f4 a5 31. h4 axb4 32. axb4 Ra2 33. Rb1 gxh4
34. Nxh4 Re2 35. Ng2 Re6 36. Rb3 Rc2 37. g4 Re8 38. Ne1 Re2 39. Ng2 Ra8 40. Rb1
Raa2 41. Nh4 Rab2 42. Rf1 Kh7 43. g5 Rh2 0-1

[Event "Büsum"]
[Site "Büsum"]
[Date "2013.10.03"]
[Round "6.16"]
[White "Kluger, Hans-Peter"]
[Black "Gerhardt, Peter-Michael"]
[Result "1/2-1/2"]
[WhiteElo "1947"]
[BlackElo "2089"]
[PlyCount "42"]
[EventDate "2013.??.??"]
[WhiteTeam "SF Fallersleben"]
[BlackTeam "SC Vahr"]

1. e4 g6 2. d4 Bg7 3. Nf3 d6 4. h3 Nf6 5. Nc3 O-O 6. Bd3 c6 7. O-O Qc7 8. Bf4
b5 9. a3 a6 10. Bh2 Nbd7 11. e5 Ne8 12. Re1 dxe5 13. dxe5 e6 14. Bf1 Bb7 15.
Qe2 Nb6 16. b3 Qe7 17. Nd2 Nd5 18. Nce4 c5 19. c4 bxc4 20. Nxc4 Nec7 21. Qc2
Nb5 1/2-1/2

[Event "Büsum"]
[Site "Büsum"]
[Date "2013.10.03"]
[Round "6.17"]
[White "Kreie, Günter"]
[Black "Manthey, Jürgen"]
[Result "0-1"]
[WhiteElo "1932"]
[BlackElo "2034"]
[PlyCount "130"]
[EventDate "2013.??.??"]
[WhiteTeam "Turn- u. Sportverein Eichholz-Re"]
[BlackTeam "SC Wrist-Kellinghusen von 1979"]

1. e4 c5 2. Nf3 Nc6 3. d4 cxd4 4. Nxd4 Nf6 5. Nc3 e5 6. Ndb5 d6 7. Bg5 a6 8.
Na3 b5 9. Nab1 Be7 10. a3 O-O 11. Bd3 Be6 12. O-O h6 13. Be3 Rc8 14. f3 Qc7 15.
Nd2 Na5 16. Rc1 Rfd8 17. Qe1 Nc4 18. Nxc4 bxc4 19. Be2 Rb8 20. b3 cxb3 21. cxb3
Qb7 22. b4 Kh8 23. Qf2 Rdc8 24. Rfd1 d5 25. exd5 Nxd5 26. Nxd5 Bxd5 27. Qf1
Rxc1 28. Rxc1 a5 29. bxa5 Bxa3 30. a6 Qb3 31. Ba7 Bxc1 32. Qxc1 Qb1 33. Qxb1
Rxb1+ 34. Kf2 f5 35. Bc5 Rb2 36. Ke3 Kh7 37. a7 Kg6 38. Bd6 Kf6 39. Bb8 Ra2 40.
h4 Bc6 41. g3 g5 42. hxg5+ hxg5 43. g4 f4+ 44. Kf2 e4 45. fxe4 Bxe4 46. Ke1 Bg2
47. Bc4 Ra3 48. Kf2 Bc6 49. Be2 Ke7 50. Bc4 Ba8 51. Be2 Ra2 52. Ke1 f3 53. Bc4
Ra4 54. Bf1 Rxg4 55. Kf2 Ra4 56. Bb5 Ra2+ 57. Ke1 g4 58. Bc4 Ra3 59. Kf2 Kf6
60. Kg3 Kf5 61. Bb5 Ra2 62. Bd7+ Kg5 63. Bf4+ Kf6 64. Bb8 Rg2+ 65. Kf4 f2 0-1

[Event "Büsum"]
[Site "Büsum"]
[Date "2013.10.03"]
[Round "6.18"]
[White "Hellwege, Werner"]
[Black "Schmidt, Reinhard"]
[Result "1-0"]
[WhiteElo "2033"]
[BlackElo "1927"]
[PlyCount "28"]
[EventDate "2013.??.??"]
[WhiteTeam "SK Lister Turm"]
[BlackTeam "SFO Warnemünde"]

1. d4 Nf6 2. Nf3 b6 3. g3 Bb7 4. Bg2 e6 5. O-O c5 6. e3 Be7 7. c4 cxd4 8. exd4
d5 9. Ne5 Nbd7 10. Nc3 O-O 11. cxd5 Nxd5 12. Nxd5 Bxd5 13. Bxd5 exd5 14. Nc6
Qe8 1-0

[Event "Büsum"]
[Site "Büsum"]
[Date "2013.10.03"]
[Round "6.19"]
[White "Wulf, Adalbert"]
[Black "Mikolajewski, Armin"]
[Result "1/2-1/2"]
[WhiteElo "1929"]
[BlackElo "2026"]
[PlyCount "54"]
[EventDate "2013.??.??"]
[WhiteTeam "Schachverein Ennigerloh-Oelde"]
[BlackTeam "Naumburger Sportverein 1951"]

1. e4 e5 2. Nf3 Nc6 3. Bb5 a6 4. Ba4 Nf6 5. O-O Be7 6. Re1 b5 7. Bb3 d6 8. c3
O-O 9. h3 Na5 10. Bc2 c5 11. d4 Qc7 12. b4 cxb4 13. cxb4 Nc6 14. a3 exd4 15.
Bb2 Ne5 16. Nbd2 d3 17. Bb3 Nc4 18. Bd4 h6 19. Qb1 Be6 20. Qxd3 Ne5 21. Nxe5
dxe5 22. Qc3 Qxc3 23. Bxc3 Bxb3 24. Nxb3 Nd7 25. Red1 Ra7 26. Rac1 f6 27. Bd2
Bd8 1/2-1/2

[Event "Büsum"]
[Site "Büsum"]
[Date "2013.10.03"]
[Round "6.20"]
[White "Schroeder, Dr.Christian"]
[Black "Merettig, Georg"]
[Result "1-0"]
[WhiteElo "2025"]
[BlackElo "1882"]
[Annotator ",Microsoft"]
[PlyCount "33"]
[EventDate "2013.??.??"]
[WhiteTeam "HSG Uni Rostock"]
[BlackTeam "SV Caissa Wolfenbüttel"]

1. c4 Nc6 2. g3 f5 3. Bg2 e5 4. d3 Bc5 5. Nc3 Nf6 6. e3 O-O 7. Nge2 Qe8 8. O-O
Qh5 9. d4 Be7 10. b3 Ng4 11. h3 Nh6 12. Nd5 Bd8 13. dxe5 Nxe5 14. Nef4 Qe8 15.
Bb2 c6 16. Nb4 Bf6 17. Ne2 {Rest nicht rekonstruierbar} 1-0

[Event "Büsum"]
[Site "Büsum"]
[Date "2013.10.03"]
[Round "6.21"]
[White "Gehrmann, Dorit"]
[Black "Jürgens, Peter"]
[Result "1/2-1/2"]
[WhiteElo "1927"]
[BlackElo "2006"]
[Annotator ",Microsoft"]
[PlyCount "50"]
[EventDate "2013.??.??"]
[WhiteTeam "SV Eutin von 1875"]
[BlackTeam "SC Tempo Göttingen"]

1. e4 e6 2. d4 d5 3. exd5 exd5 4. Bd3 Nc6 5. c3 Bd6 6. Ne2 Nf6 7. Bf4 O-O 8.
Bxd6 Qxd6 9. O-O Re8 10. Nd2 Bd7 11. Ng3 Re7 12. Nf3 Rae8 13. Qc2 Qf4 14. Qd2
Qxd2 15. Nxd2 g6 16. h3 h5 17. Nf3 Kg7 18. Rfe1 Rxe1+ 19. Rxe1 Rxe1+ 20. Nxe1
Ne8 21. Nf3 $11 Nd6 22. Ne2 Bf5 23. Bxf5 Nxf5 24. Nf4 Nce7 25. Kf1 c6 1/2-1/2

[Event "Büsum"]
[Site "Büsum"]
[Date "2013.10.03"]
[Round "6.22"]
[White "Schäfer, Hans-Ulrich"]
[Black "Kracht, Helmut"]
[Result "1-0"]
[WhiteElo "1871"]
[BlackElo "1989"]
[PlyCount "45"]
[EventDate "2013.??.??"]
[WhiteTeam "SVg Böhmetal"]
[BlackTeam "SK Kaltenkirchen"]

1. Nf3 Nh6 2. g3 g6 3. Bg2 Bg7 4. d4 O-O 5. e4 d6 6. O-O Nd7 7. c3 c5 8. Bg5 f6
9. Be3 Ng4 10. Bd2 e5 11. Qc1 g5 12. h3 Nh6 13. Nxg5 fxg5 14. Bxg5 Qb6 15. Bxh6
Bxh6 16. Qxh6 Qxb2 17. Nd2 Qxc3 18. dxc5 Rf6 19. Qg5+ Rg6 20. Qd8+ Kf7 21. Nf3
h6 22. cxd6 Nb6 23. Rac1 1-0

[Event "Büsum"]
[Site "Büsum"]
[Date "2013.10.03"]
[Round "6.23"]
[White "Soltau, Achim"]
[Black "Hilbig, Klaus"]
[Result "1-0"]
[WhiteElo "1988"]
[BlackElo "1759"]
[PlyCount "79"]
[EventDate "2013.??.??"]
[WhiteTeam "SK Johanneum Eppendorf"]
[BlackTeam "Ahrensburger TSV"]

1. Nf3 Nf6 2. c4 g6 3. Nc3 Bg7 4. e4 d6 5. d4 O-O 6. Be2 e5 7. O-O Nc6 8. d5
Ne7 9. Ne1 Ne8 10. Be3 f5 11. f3 f4 12. Bf2 g5 13. c5 h5 14. a4 Nf6 15. cxd6
cxd6 16. Nb5 b6 17. a5 bxa5 18. Nxa7 g4 19. Nxc8 Qxc8 20. Kh1 Ng6 21. Qa4 h4
22. Qc6 g3 23. Qxc8 Rfxc8 24. Bb6 Nd7 25. Bxa5 gxh2 26. b4 Nb6 27. Nd3 Nc4 28.
Rfc1 h3 29. gxh3 Nh4 30. Ne1 Ne3 31. Rxc8+ Rxc8 32. b5 Nc2 33. Rc1 Ra8 34. b6
Nd4 35. b7 Rf8 36. Rc8 Nxe2 37. Rxf8+ Bxf8 38. b8=Q Ng3+ 39. Kxh2 Nf1+ 40. Kg1
1-0

[Event "Büsum"]
[Site "Büsum"]
[Date "2013.10.03"]
[Round "6.24"]
[White "Englert, Fred"]
[Black "Vogel, Alfred"]
[Result "1-0"]
[WhiteElo "1832"]
[BlackElo "1986"]
[Annotator ",Microsoft"]
[PlyCount "90"]
[EventDate "2013.??.??"]
[WhiteTeam "SK 1982 Klingenberg/Main"]
[BlackTeam "ESV Lok Sömmerda"]

1. c4 f5 2. g3 Nf6 3. Bg2 e6 4. d4 c6 5. Nf3 Be7 6. O-O O-O 7. Nc3 d5 8. b3 a5
9. c5 h6 10. Ne5 Qe8 11. Na4 Bd8 12. Bb2 Nbd7 13. Nxd7 Bxd7 14. Rc1 $11 g5 15.
Qd3 Qh5 16. f3 Bc7 17. e4 fxe4 18. fxe4 Ng4 19. h3 Nf6 20. e5 Nh7 21. Rc2 Rxf1+
22. Qxf1 g4 23. Rf2 gxh3 24. Bxh3 Rf8 25. Rxf8+ Nxf8 26. Nc3 Bd8 27. Bc1 Be8
28. Kg2 Qg6 29. Ne2 h5 30. Qf3 Bf7 31. Qe3 Nh7 32. Nf4 Qc2+ 33. Qd2 Qe4+ 34.
Kh2 Ng5 35. Bg2 Qf5 36. Qe2 $11 Qh7 37. Bf3 h4 38. Bg4 hxg3+ 39. Kxg3 Ne4+ 40.
Kg2 Qg7 41. Qf3 Bh4 42. Qh3 Bf2 43. Ne2 Be1 44. Kf1 Nf2 45. Kg2 Nxg4 1-0

[Event "Büsum"]
[Site "Büsum"]
[Date "2013.10.03"]
[Round "6.25"]
[White "Bars, Joachim"]
[Black "Langmann, Claus"]
[Result "1/2-1/2"]
[WhiteElo "1979"]
[BlackElo "1873"]
[PlyCount "52"]
[EventDate "2013.??.??"]
[WhiteTeam "Schachverein Heessen 1925"]
[BlackTeam "Hamburger SK von 1830 eV"]

1. d4 Nf6 2. c4 e6 3. Nc3 b6 4. Nf3 Bb7 5. Bg5 Be7 6. e3 d5 7. Be2 O-O 8. O-O
Nbd7 9. a3 c5 10. Rc1 Ne4 11. Nxe4 dxe4 12. Bxe7 Qxe7 13. Ne1 Rfd8 14. Qb3 Rab8
15. Nc2 Qg5 16. Qc3 Rbc8 17. Rfd1 Nf6 18. Qe1 cxd4 19. Rxd4 Nd7 20. Qf1 Ne5 21.
Kh1 Qf6 22. Rcd1 h6 23. b3 Nc6 24. Rxd8+ Rxd8 25. Rxd8+ Qxd8 26. Qd1 Qf6
1/2-1/2

[Event "Büsum"]
[Site "Büsum"]
[Date "2013.10.03"]
[Round "6.27"]
[White "Aufmwasser, Günter"]
[Black "Grabitz, Dr.Georg"]
[Result "0-1"]
[WhiteElo "1745"]
[BlackElo "2067"]
[PlyCount "103"]
[EventDate "2013.??.??"]
[WhiteTeam "Schachverein 1922 Hilden"]
[BlackTeam "Schachsport Plesse Bovenden"]

1. f4 Nf6 2. Nf3 d6 3. e3 g6 4. b3 Bg7 5. Bb2 O-O 6. Be2 Bg4 7. O-O Nbd7 8. Qe1
c6 9. c4 Bxf3 10. Bxf3 e5 11. Kh1 exf4 12. exf4 Nc5 13. d4 Nd3 14. Qd2 Nxb2 15.
Qxb2 Nd7 16. Na3 Qb6 17. Nc2 Rfe8 18. Rad1 Nf8 19. Qa3 Ne6 20. f5 Nxd4 21. Nxd4
Bxd4 22. fxg6 hxg6 23. Qc1 Re7 24. Qf4 Be5 25. Qd2 Kg7 26. g3 a5 27. Qf2 Qxf2
28. Rxf2 Rh8 29. Kg2 f5 30. Re2 Kf6 31. Rh1 g5 32. Kf1 Reh7 33. Rg2 f4 34. g4
Bd4 35. Re2 Be3 36. Kg2 Ke5 37. Kf1 Rh6 38. Ke1 d5 39. cxd5 cxd5 40. Rc2 Rc6
41. Rxc6 bxc6 42. Ke2 Kd4 43. h3 Kc3 44. Rh2 d4 45. Bxc6 d3+ 46. Kd1 Rc8 47.
Bb5 f3 48. Rh1 Kd4 49. Bc4 a4 50. h4 gxh4 51. Rxh4 f2 52. bxa4 0-1

[Event "Büsum"]
[Site "Büsum"]
[Date "2013.10.03"]
[Round "6.28"]
[White "Eberhardt, Michael"]
[Black "Wittkugel, Friedhelm"]
[Result "1-0"]
[WhiteElo "1724"]
[BlackElo "1937"]
[Annotator ",Microsoft"]
[PlyCount "62"]
[EventDate "2013.??.??"]
[WhiteTeam "SC Agon Neumünster"]
[BlackTeam "Schachverein Kamen 1930"]

1. d4 d5 2. Bf4 Nf6 3. e3 Nbd7 4. Bd3 c5 5. c3 Qb6 6. Qc2 c4 7. Be2 Ne4 8. f3
Nd6 9. Nd2 Nf6 10. e4 Nh5 11. Bxd6 Qxd6 12. exd5 Qxd5 13. Bxc4 Qg5 14. O-O-O g6
15. Qb3 e6 16. Bb5+ Ke7 17. g3 a6 18. Bd3 Qe3 19. Qc2 Bh6 20. f4 e5 21. Ngf3
Bxf4 22. gxf4 Nxf4 23. Nxe5 Be6 24. Rhe1 Qh3 25. Bf1 Qh6 26. Bc4 Rhd8 27. Bxe6
Nxe6 28. Rf1 f5 29. Nef3 Kf6 30. Kb1 b5 31. Qb3 Nf4 {Rest nicht rekonstruierbar
} 1-0

[Event "Büsum"]
[Site "Büsum"]
[Date "2013.10.03"]
[Round "6.29"]
[White "Möller, Dr.Peter"]
[Black "Nickel, Jürgen"]
[Result "1/2-1/2"]
[WhiteElo "1678"]
[BlackElo "1929"]
[PlyCount "114"]
[EventDate "2013.??.??"]
[WhiteTeam "SC Mecklenburger Springer"]
[BlackTeam "Flensburger SK von 1876"]

1. d4 d6 2. Nf3 Nd7 3. c4 Ngf6 4. Nc3 c6 5. e4 e5 6. d5 Be7 7. Be2 Nc5 8. Qc2
a5 9. Be3 Na6 10. O-O c5 11. a3 Bd7 12. Bd2 O-O 13. Qb3 b6 14. Rfe1 Rb8 15. Bf1
Nc7 16. a4 Nce8 17. Nb5 Nc7 18. Qd3 Nxb5 19. axb5 Ne8 20. Be3 f5 21. exf5 Bxf5
22. Qd1 Bf6 23. Ra2 Rb7 24. Qc1 h6 25. Be2 Kh7 26. Bd1 Qd7 27. Bc2 Rg8 28. Qb1
g6 29. Qc1 Bxc2 30. Qxc2 Ng7 31. Bc1 Qf5 32. Qe2 g5 33. b3 g4 34. Nd2 Ne8 35.
Ne4 h5 36. Ng3 Qg6 37. Qe4 Qxe4 38. Rxe4 Kg6 39. Re1 h4 40. Ne4 Rh7 41. Rae2
Rh5 42. Rf1 Be7 43. f4 gxf3 44. Rxf3 Rf5 45. Rh3 Rgf8 46. Rf2 Rxf2 47. Nxf2 Ng7
48. Rf3 Rxf3 49. gxf3 Kf5 50. Ne4 Nh5 51. Kf2 Nf6 52. Nxf6 Bxf6 53. h3 Bg5 54.
Bxg5 Kxg5 55. Kf1 Kf5 56. Ke2 Kf4 57. Kf2 e4 1/2-1/2